Teoría y problemas de economía y empresa: manejo de los recursos empresariales
Furkejuvvon:
| Váldodahkki: | |
|---|---|
| Materiálatiipa: | Girji |
| Giella: | espánnjágiella |
| Almmustuhtton: |
Bogotá
McGraw-Hill
1992
|
| Ráidu: | Serie de Compendios Schaum
|
| Fáttát: | |
| Fáddágilkorat: |
Lasit fáddágilkoriid
Eai fáddágilkorat, Lasit vuosttaš fáddágilkora!
|
MARC
| LEADER | 00000nam a2200000 a 4500 | ||
|---|---|---|---|
| 001 | UCY0071 | ||
| 003 | CL-VaPUC | ||
| 008 | 940708e19920000CK |||||||||||||||||spa|d | ||
| 082 | 0 | 4 | |a 330 |b SAL |2 21 |
| 100 | 0 | |a Salvatore, Dominick |e author |9 327668 | |
| 245 | 1 | 0 | |a Teoría y problemas de economía y empresa: manejo de los recursos empresariales |
| 300 | |a 336 p | ||
| 942 | |c BK | ||
| 945 | |d 19940708 00:00:00 |a mfernand | ||
| 260 | |a Bogotá |b McGraw-Hill |c 1992 | ||
| 650 | 0 | |a Economía |9 255568 | |
| 650 | 0 | |a Empresas |9 255569 | |
| 650 | 0 | |a Aspectos económicos |9 255165 | |
| 583 | |a last modification |c 19940708 00:00:00 |k Rodrigo Vera | ||
| 490 | 0 | |a Serie de Compendios Schaum | |
| 999 | |c 229161 |d 229159 | ||
| 952 | |0 0 |1 0 |4 0 |6 330_000000000000000_SAL_1992 |7 0 |8 A |9 229817 |a BIBING |b BIBING |d 2019-11-15 |i 2993880 |o 330 SAL 1992 |p 2993880 |r 2025-01-20 |w 2019-11-15 |y BK |k ING | ||
| 952 | |0 0 |1 0 |4 0 |6 330_000000000000000_SAL_1992 |7 0 |8 A |9 229818 |a BIBING |b BIBING |d 2019-11-15 |i 2993899 |o 330 SAL 1992 |p 2993899 |r 2025-01-20 |w 2019-11-15 |y BK |k ING | ||
| 952 | |0 0 |1 0 |4 0 |6 330_000000000000000_SAL_1992 |7 0 |8 A |9 229819 |a BIBING |b BIBING |d 2019-11-15 |i 2993902 |o 330 SAL 1992 |p 2993902 |r 2025-01-20 |w 2019-11-15 |y BK |k ING | ||